Lični dohoci 1979
Guardado en:
| Formato: | Libro |
|---|---|
| Lenguaje: | serbio |
| Publicado: |
Beograd
Savezni zavod za statistiku
1980
|
| Colección: | Statistički bilten
broj 1219 |
| Etiquetas: |
Sin Etiquetas, Sea el primero en etiquetar este registro!
|
MARC
| LEADER | 00000nam a2200000 4500 | ||
|---|---|---|---|
| 001 | c136635 | ||
| 005 | 20250701083513.0 | ||
| 041 | 0 | |a srp | |
| 044 | |a YU | ||
| 245 | 1 | 0 | |a Lični dohoci 1979 |
| 264 | 1 | |a Beograd |b Savezni zavod za statistiku |c 1980 | |
| 300 | |a 68 s. | ||
| 490 | 1 | |a Statistički bilten |v broj 1219 | |
| 830 | 0 | |a Statistički bilten |v broj 1219 | |